00887cam a22002411 450000100060000000300080000600500170001400800390003103500190007004000310008904100080012008200200012824500830014826000780023130000550030949000630036450400390042765100200046683000120048670000470049870000300054583000700057522078BD-RjUL20211209000750.0140306s1955 nyuab b 001 0 eng a(BD-RjUL)22143 aDLCcAkdDLCdBD-RjULbeng aeng00a919.8bGEO 195510aGeography of the northlands /cedited by George H. T. Kimble and Dorothy Good. aNew York ;aLondon :bAmerican Geographical Society and J. Wiley,cc1955. ax, 534 p. :billus., maps (1 fold. col.) ;c24 cm.1 aAmerican Geographical Society. Special publicationvno. 32 aIncludes bibliographies and index. 0aArctic regions. 0vno. 32.1 a Kimble, George Herbert Tinley.ejoint ed.1 aGood, Dorothy,ejoint ed. 0aSpecial publication (American Geographical Society of New York) ;